[Event "AUTO-INT-2835"]
[Site "http://www.queenalice.com/game.php?id=1343751"]
[Date "2015.2.24"]
[Round "3"]
[White "Pancatov"]
[Black "daniel0176"]
[Result "1-0"]
[WhiteElo "2024"]
[BlackElo "1735"]

1. d4 d5 2. c4 dxc4 3. Nc3 e6 4. e4 Bd7 5. Bxc4 a6 6. Nf3 Bb4 7. O-O Bxc3 8.
bxc3 h6 9. Rb1 b5 10. Bb3 Nf6 11. Qe2 O-O 12. Ne5 b4 13. Nxd7 Qxd7 14. Bb2 bxc3
15. Bxc3 Re8 16. f3 a5 17. Qd3 a4 18. Bc2 Nc6 19. e5 g6 20. exf6 e5 21. Qe3 exd4
22. Qxh6 dxc3 23. Qg7# 1-0

[Event "AUTO-INT-2835"]
[Site "http://www.queenalice.com/game.php?id=1343752"]
[Date "2015.2.24"]
[Round "3"]
[White "daniel0176"]
[Black "Pancatov"]
[Result "0-1"]
[WhiteElo "1640"]
[BlackElo "2032"]

1. e4 d5 2. Bd3 dxe4 3. Bxe4 Nf6 4. Bf3 c6 5. h3 Bf5 6. Ne2 e6 7. O-O Nbd7 8. d4
Bd6 9. Bf4 Bxf4 10. Nxf4 Qc7 11. Qd2 O-O 12. Nc3 Nd5 13. Nfxd5 cxd5 14. Nb5 Qb6
15. a4 a6 16. Nc3 Rac8 17. Rfe1 Qxb2 18. Rec1 Qxc3 19. Qf4 Rc4 20. Rd1 Rfc8 21.
Be2 R4c7 22. Qd2 Qxd2 23. Rxd2 Rxc2 24. Rxc2 Rxc2 25. Kf1 Kf8 26. g4 Bg6 27. h4
h6 28. Re1 Rd2 29. f3 Rxd4 30. h5 Bd3 31. Bxd3 Rxd3 32. Kg2 Ra3 0-1

[Event "AUTO-OPEN-3259"]
[Site "http://www.queenalice.com/game.php?id=1345271"]
[Date "2015.3.3"]
[Round "2"]
[White "WeirdGoblin"]
[Black "Pancatov"]
[Result "1-0"]
[WhiteElo "2246"]
[BlackElo "2020"]

1. d4 d5 2. Nf3 Nf6 3. c4 e6 4. Nc3 c6 5. e3 Nbd7 6. Qc2 Be7 7. Bd3 dxc4 8. Bxc4
O-O 9. O-O c5 10. Rd1 a6 11. a4 cxd4 12. exd4 Nb6 13. Bb3 Nbd5 14. Bg5 Nxc3 15.
bxc3 Bd7 16. Ne5 Rc8 17. Nxd7 Qxd7 18. Qd3 Nd5 19. Bd2 Rfd8 20. a5 Bd6 21. Ra4
Qc7 22. h4 Nb6 23. axb6 Qxb6 24. Bc2 1-0

[Event "AUTO-OPEN-3259"]
[Site "http://www.queenalice.com/game.php?id=1345272"]
[Date "2015.3.3"]
[Round "2"]
[White "Pancatov"]
[Black "WeirdGoblin"]
[Result "0-1"]
[WhiteElo "2013"]
[BlackElo "2251"]

1. d4 Nf6 2. c4 e6 3. Nc3 Bb4 4. Nf3 c5 5. Bg5 Qa5 6. Bd2 cxd4 7. Nxd4 Nc6 8.
Nxc6 bxc6 9. a3 Bf8 10. e3 Qc7 11. Be2 Be7 12. O-O d5 13. cxd5 exd5 14. Rc1 O-O
15. h3 Re8 16. Bd3 c5 17. Ne2 Qb6 18. Bc3 Be6 19. Nf4 Rac8 20. Nxe6 fxe6 21. Qd2
Qb8 22. Rfd1 e5 0-1

[Event "AUTO-MASTER-2267"]
[Site "http://www.queenalice.com/game.php?id=1348095"]
[Date "2015.3.17"]
[Round "1"]
[White "Pancatov"]
[Black "Guilherme_Ottoni"]
[Result "1-0"]
[WhiteElo "2000"]
[BlackElo "2112"]

1. d4 d5 2. c4 dxc4 3. Nc3 a6 4. a4 Nc6 5. e3 Na5 6. Bd2 Nb3 7. Rb1 Nxd2 8. Qxd2
Nf6 9. Bxc4 e6 10. Nf3 Bb4 11. O-O Bd7 12. Qc2 O-O 13. Ne5 Re8 14. b3 Bc8 15.
Ne4 Nxe4 16. Qxe4 f6 17. Bd3 fxe5 18. Qxh7+ Kf8 19. Qh8+ Kf7 20. Qh5+ Ke7 21.
Qxe5 Rg8 22. Bh7 Bd6 23. Qg5+ Kd7 24. Bxg8 Qxg8 25. e4 Be7 26. Qe3 c6 27. f4 Bb4
28. f5 Kc7 29. Qg3+ Kb6 30. f6 Bd7 31. Qxg7 Qxg7 32. fxg7 Rg8 33. Rf7 Be8 34.
Rf6 Rxg7 35. Rxe6 Bf7 36. Rf6 Bc3 37. Rd1 Ka5 38. Rd3 Kb4 39. e5 Bxb3 40. Rff3
Bd5 41. Rxc3 Bxf3 42. Rxf3 Kxa4 43. h4 Rg4 44. h5 Rxd4 45. h6 Rd7 46. g4 c5 47.
g5 Rh7 48. e6 c4 49. Rf7 Rxf7 50. exf7 c3 51. f8=Q b5 52. h7 c2 53. Qf1 1-0

[Event "AUTO-MASTER-2267"]
[Site "http://www.queenalice.com/game.php?id=1348096"]
[Date "2015.3.17"]
[Round "1"]
[White "Guilherme_Ottoni"]
[Black "Pancatov"]
[Result "1/2-1/2"]
[WhiteElo "2091"]
[BlackElo "2009"]

1. e4 c6 2. d4 d5 3. Nc3 dxe4 4. Nxe4 Bf5 5. Ng3 Bg6 6. Nf3 Nd7 7. h4 h6 8. Bd3
Bxd3 9. Qxd3 Ngf6 10. Bd2 e6 11. O-O-O Bd6 12. Ne4 Nxe4 13. Qxe4 Nf6 14. Qe2 Qc7
15. Kb1 O-O-O 16. c4 Kb8 17. Bc3 c5 18. dxc5 Qxc5 19. Bd4 Qc7 20. Ne5 Rhf8 21.
Qe3 b6 22. Rhe1 Nd7 23. Nxd7+ Rxd7 24. Bxg7 Rg8 25. Bxh6 Rxg2 26. b3 Bc5 27. Bf4
Bxe3 28. Bxc7+ Kxc7 29. Rxd7+ Kxd7 30. fxe3 Rh2 31. Rf1 Ke7 32. Rf4 Rh3 33. e4
f5 34. exf5 exf5 35. Rxf5 Rxh4 36. Kb2 Rh7 37. Rf2 Kd6 38. Kc3 a5 39. Rf6+ Kc7
40. Rf3 Kc6 1/2-1/2

[Event "AUTO-MASTER-2267"]
[Site "http://www.queenalice.com/game.php?id=1348097"]
[Date "2015.3.17"]
[Round "1"]
[White "Pancatov"]
[Black "Zugswang"]
[Result "0-1"]
[WhiteElo "2019"]
[BlackElo "2178"]

1. d4 Nf6 2. c4 c5 3. e3 d6 4. b3 g6 5. Bb2 cxd4 6. exd4 Bg7 7. d5 O-O 8. Bd3
Nbd7 9. Ne2 Nc5 10. Bc2 a5 11. a4 e5 12. O-O Nh5 13. f4 e4 14. Bxg7 Nxg7 15.
Nbc3 Qe7 16. Nd4 Nf5 17. Nxf5 gxf5 18. Qd4 f6 19. Rae1 Bd7 20. Re3 Kh8 21. Rfe1
Rg8 22. Rh3 Rg7 23. Ree3 Rag8 24. Re2 Rg4 25. g3 Rxf4 26. Rh6 Qg7 27. Qxf6 Rf3
28. Qxg7+ Kxg7 29. Rxd6 Rxc3 30. Bd1 Rd8 31. Rf2 Nxb3 32. g4 Rc1 0-1

[Event "AUTO-MASTER-2267"]
[Site "http://www.queenalice.com/game.php?id=1348098"]
[Date "2015.3.17"]
[Round "1"]
[White "Zugswang"]
[Black "Pancatov"]
[Result "1-0"]
[WhiteElo "2199"]
[BlackElo "2028"]

1. e4 c6 2. d4 d5 3. e5 Bf5 4. g4 Bd7 5. f4 e6 6. Nf3 c5 7. c3 Nc6 8. Bg2 Qb6 9.
a3 h5 10. h3 hxg4 11. hxg4 Rxh1+ 12. Bxh1 g6 13. b4 cxd4 14. cxd4 a5 15. bxa5
Nxa5 16. Nbd2 Rc8 17. Rb1 Qa7 18. Kf2 Nc4 19. Nxc4 Rxc4 20. Qb3 Bc6 21. Bg2 Nh6
22. Kg3 Qa4 23. Qxa4 Rxa4 24. Rb3 Be7 25. Bf1 Bd8 26. Bb5 Kd7 27. Bxa4 Bxa4 28.
Rxb7+ Kc6 29. Ra7 Bd1 30. f5 1-0

[Event "Challenge"]
[Site "http://www.queenalice.com/game.php?id=1349947"]
[Date "2015.3.25"]
[Round "-"]
[White "jpribeiro"]
[Black "Pancatov"]
[Result "0-1"]
[WhiteElo "1919"]
[BlackElo "2012"]

1. e4 c6 2. d4 d5 3. e5 Bf5 4. g4 Bd7 5. Be3 e6 6. Nf3 Qb6 7. b3 c5 8. dxc5 Bxc5
9. Bxc5 Qxc5 10. c3 Ne7 11. Qd4 Qxd4 12. cxd4 h5 13. g5 Nbc6 14. Nc3 a6 15.
O-O-O g6 16. Bd3 Rc8 17. Na4 Nxd4+ 0-1

[Event "AUTO-ADV-3304"]
[Site "http://www.queenalice.com/game.php?id=1355984"]
[Date "2015.4.27"]
[Round "2"]
[White "Pancatov"]
[Black "rubenov"]
[Result "0-1"]
[WhiteElo "2017"]
[BlackElo "1983"]

1. d4 d5 2. c4 dxc4 3. Nc3 Nd7 4. e4 Nb6 5. Be3 Nf6 6. f3 e6 7. Qc2 c6 8. a3 Be7
9. Nd1 O-O 10. Bxc4 Nxc4 11. Qxc4 Nd7 12. Ne2 Nb6 0-1

[Event "AUTO-ADV-3304"]
[Site "http://www.queenalice.com/game.php?id=1355985"]
[Date "2015.4.27"]
[Round "2"]
[White "rubenov"]
[Black "Pancatov"]
[Result "1-0"]
[WhiteElo "1964"]
[BlackElo "2036"]

1. d4 d5 2. Bg5 Nf6 3. e3 h6 4. Bh4 Bf5 5. Nc3 e6 6. a3 c5 7. Bb5+ Nc6 8. Nf3
Rc8 9. Ne5 Bd6 10. Nxc6 bxc6 11. Bd3 Bxd3 12. Qxd3 O-O 13. O-O 1-0

[Event "AUTO-ADV-3304"]
[Site "http://www.queenalice.com/game.php?id=1355986"]
[Date "2015.4.27"]
[Round "2"]
[White "Pancatov"]
[Black "TomasBlack"]
[Result "0-1"]
[WhiteElo "1955"]
[BlackElo "1845"]

1. d4 Nf6 2. c4 d5 3. Nc3 e6 4. Bg5 Be7 5. Nf3 h6 6. Bh4 O-O 7. e3 c5 8. Rc1 Nc6
9. Be2 cxd4 10. Nxd4 Bd7 11. cxd5 Nxd5 12. Bxe7 Qxe7 13. Nxd5 exd5 0-1

[Event "AUTO-ADV-3304"]
[Site "http://www.queenalice.com/game.php?id=1355987"]
[Date "2015.4.27"]
[Round "2"]
[White "TomasBlack"]
[Black "Pancatov"]
[Result "1-0"]
[WhiteElo "1823"]
[BlackElo "1977"]

1. c4 c6 2. b4 d5 3. e3 Nf6 4. f3 Bf5 5. d3 dxc4 6. e4 Bd7 7. dxc4 e5 8. Ba3 a5
9. Qb3 axb4 10. Bxb4 Bxb4+ 11. Qxb4 Qa5 12. Qxa5 Rxa5 13. Nh3 1-0

[Event "Challenge"]
[Site "http://www.queenalice.com/game.php?id=1357825"]
[Date "2015.5.6"]
[Round "-"]
[White "Magogue"]
[Black "Pancatov"]
[Result "1-0"]
[WhiteElo "1697"]
[BlackElo "1865"]

1. e4 c6 2. d4 d5 3. Nc3 dxe4 4. Nxe4 Bf5 5. Ng3 Bg6 6. Nf3 Nd7 7. h4 h6 8. h5
Bh7 9. Bd3 Bxd3 10. Qxd3 Ngf6 11. Be3 e6 12. O-O-O 1-0

[Event "Challenge"]
[Site "http://www.queenalice.com/game.php?id=1357826"]
[Date "2015.5.6"]
[Round "-"]
[White "Pancatov"]
[Black "Magogue"]
[Result "0-1"]
[WhiteElo "1842"]
[BlackElo "1720"]

1. d4 d5 2. c4 dxc4 3. Nc3 e6 4. Nf3 Nf6 5. Bg5 Be7 6. e3 c6 7. Bxc4 O-O 8. O-O
h6 9. Bh4 a6 10. Rc1 Nd5 11. Bxe7 Qxe7 0-1